Educación para el ocio: actividades escolares
Gespeichert in:
| 1. Verfasser: | |
|---|---|
| Format: | Buch |
| Sprache: | Spanisch |
| Veröffentlicht: |
Bogotá
Cincel
1983
Bogotá Kapelusz 1983 |
| Ausgabe: | 3a. ed |
| Schriftenreihe: | Guías para el Educador, 5
|
| Schlagworte: | |
| Tags: |
Tag hinzufügen
Keine Tags, Fügen Sie den ersten Tag hinzu!
|
MARC
| LEADER | 00000nam a2200000 a 4500 | ||
|---|---|---|---|
| 001 | UCL0856 | ||
| 003 | CL-VaPUC | ||
| 008 | 030825e19830000ck |||||||||||||||||spa|d | ||
| 020 | |a 8470463187 | ||
| 082 | 0 | 4 | |a 371.89 |b CUE |2 21 |
| 100 | 0 | |a Cuenca, Manuel |e author |9 477577 | |
| 245 | 1 | 0 | |a Educación para el ocio: actividades escolares |
| 250 | |a 3a. ed | ||
| 300 | |a 108 p | ||
| 942 | |c BK | ||
| 945 | |d 20030825 00:00:00 |a cmena | ||
| 260 | |a Bogotá |b Cincel |c 1983 | ||
| 260 | |a Bogotá |b Kapelusz |c 1983 | ||
| 650 | 7 | |a TIEMPO LIBRE |2 CL-VaPUC |9 477578 | |
| 650 | 0 | |a Actividades educativas |9 308316 | |
| 650 | 0 | |a Actividades extracurriculares |9 307952 | |
| 583 | |a last modification |c 20170406 09:53:53 |k Rodrigo Vera | ||
| 490 | 0 | |a Guías para el Educador, 5 | |
| 999 | |c 304582 |d 304580 | ||
| 952 | |0 0 |1 0 |4 0 |6 371_890000000000000_CUE_1983_1983 |7 0 |8 A |9 367028 |a BIBEDU |b BIBEDU |d 2019-11-21 |i 3932605 |o 371.89 CUE 1983 1983 |p 3932605 |r 2019-11-21 |w 2019-11-21 |y BK |k EPE | ||